| 000 | 00783cam a2200193 a 4500 | ||
|---|---|---|---|
| 001 | 000015648 | ||
| 005 | 20260305073955.0 | ||
| 008 | 920609s1974 ve b f000 0bspa | ||
| 040 |
_aDO-SdBNP _bspa _cBNPHU |
||
| 082 |
_a923.187 _bB689L |
||
| 100 | 1 |
_aLievano Aguirre, Indalecio. _935259 |
|
| 245 | 1 | 0 |
_aBolivar / _cIndalecio Liévano Aguirre ; prólogo Carlos Andrés Andrés Pérez. |
| 260 |
_aCaracas : _bMinisterio de Educación, Dirección General, Departamento de Publicaciones :, _c1974. |
||
| 300 |
_a534 p. ; _c22 cm. |
||
| 504 | _aReferencias bibliográficas p. [555]-557. | ||
| 600 | 1 | 0 |
_aBolívar, Simón, _d1783-1830 _9253 |
| 651 | 4 |
_aAmérica De Sur _xHistoria _yGUERRAS DE INDEPENDENCIA 1806-1830 _935260 |
|
| 650 | 4 |
_aJefes de estado _zAmérica Del Sur _xBiografía. _918374 |
|
| 999 |
_c15200 _d15200 |
||